| 000 | 00000nam 2200000zi 4500 |
| 001 | 9.631342 |
| 003 | CaOODSP |
| 005 | 20221107134308 |
| 006 | m o d f |
| 007 | cr cn||||||||| |
| 008 | 150407t19981998onca||||ob f000 0 fre d |
| 040 | |aCaOODSP|bfre|erda|cCaOODSP |
| 043 | |an-cn--- |
| 086 | 1 |aA53-1981/1998F-PDF |
| 245 | 03|aLa santé de l'air que nous respirons : |bvers une agriculture durable au Canada / |ccompilé et rédigé par : H.H. Janzen, R.L. Desjardins, J.M.R. Asselin et B. Grace. |
| 264 | 1|a[Ottawa] : |bDirection générale de la recherche, Agriculture et agroalimentaire Canada, |c1998. |
| 264 | 4|c©1998 |
| 300 | |a1 ressource en ligne (vii, 100 pages) : |billustrations en couleurs |
| 336 | |atexte|btxt|2rdacontent/fre |
| 337 | |ainformatique|bc|2rdamedia/fre |
| 338 | |aressource en ligne|bcr|2rdacarrier |
| 500 | |aPublié aussi en anglais sous le titre : The health of our air : toward sustainable agriculture in Canada. |
| 500 | |a«Publication 1981/F.» |
| 504 | |aComprend des références bibliographiques (pages 91-93). |
| 650 | 6|aAgriculture durable|zCanada. |
| 650 | 6|aAgriculture|xAspect de l'environnement|zCanada. |
| 650 | 6|aPollution agricole|zCanada. |
| 650 | 6|aPolitique agricole|xAspect d'environnement|zCanada. |
| 700 | 1 |aJanzen, Helmut Henry,|d1956- |eauteur. |
| 710 | 1 |aCanada. |bAgriculture et agroalimentaire Canada. |bDirection générale de la recherche, |eorganisme de publication. |
| 775 | 08|tThe health of our air : |w(CaOODSP)9.686880 |
| 776 | 0#|tLa santé de l'air que nous respirons : |w(CaOODSP)9.680548 |
| 856 | 40|ahttp://publications.gc.ca|qPDF|s3813 Ko|uhttps://publications.gc.ca/collections/Collection/A53-1981-1998F.pdf |